[Event "BCF-chT2 2425 (4NCL)"]
[Site "England"]
[Date "2024.11.24"]
[Round "2.26"]
[White "Lea, Daniel J"]
[Black "Freeland, Alex"]
[Result "0-1"]
[WhiteElo "2006"]
[BlackElo "2031"]
[PlyCount "72"]
[EventDate "2024.11.23"]
[EventType "team-tourn"]
[EventRounds "11"]
[EventCountry "ENG"]
[SourceTitle "CB48_2024"]
[SourceDate "2024.11.28"]
[SourceVersion "1"]
[SourceVersionDate "2024.11.28"]
[SourceQuality "1"]
[WhiteTeam "Celtic Tigers"]
[BlackTeam "The Audible Checks"]
[WhiteTeamCountry "ENG"]
[BlackTeamCountry "ENG"]

1. d4 Nf6 2. c4 e6 3. Nf3 b6 4. g3 c6 5. Bg2 d5 6. 0-0 Bb7 7. cxd5 cxd5 8. Nc3 Be7 9. Bf4 0-0 10. Rc1 Nc6 11. Ne5 Rc8 12. Nxc6 Bxc6 13. Qd3 Qd7 14. Rc2 Ne8 15. Rfc1 Nd6 16. Bxd6 Qxd6 17. Nb5 Bxb5 18. Qxb5 Rxc2 19. Rxc2 Rd8 20. Qa6 Qd7 21. e3 g6 22. Bf1 Bd6 23. Bb5 Qe7 24. Rc8 Rxc8 25. Qxc8+ Kg7 26. Qa8 Qc7 27. Bc6 h5 28. Kf1 h4 29. Kg2 Qe7 30. Qb7 Qf6 31. gxh4 Qxh4 32. h3 Qg5+ 33. Kf1 Qf5 34. Be8 Kf8 35. Qd7 Be7 36. Kg2 Bh4 0-1

[Event "BCF-chT3E 2224 (4NCL)"]
[Site "England"]
[Date "2024.05.05"]
[Round "10.52"]
[White "Hedger, Alec"]
[Black "Lea, Daniel J"]
[Result "0-1"]
[WhiteElo "2071"]
[BlackElo "1983"]
[PlyCount "58"]
[EventDate "2023.11.11"]
[EventType "team-tourn"]
[EventRounds "11"]
[EventCountry "ENG"]
[SourceTitle "EXT 2025"]
[Source "ChessBase"]
[SourceDate "2024.10.14"]
[SourceVersion "1"]
[SourceVersionDate "2024.10.14"]
[SourceQuality "1"]
[WhiteTeam "Sussex Martlets II"]
[BlackTeam "Celtic Tigers II"]
[WhiteTeamCountry "ENG"]
[BlackTeamCountry "ENG"]

1. e4 e6 2. d4 d5 3. e5 c5 4. c3 Nc6 5. Nf3 Bd7 6. Be2 Qc7 7. 0-0 f6 8. Bf4 fxe5 9. Nxe5 Bd6 10. Bh5+ g6 11. Re1 Nxe5 12. dxe5 Bf8 13. Bf3 Bh6 14. Qd2 Bxf4 15. Qxf4 0-0-0 16. c4 Bc6 17. Qg4 Qf7 18. cxd5 Bxd5 19. Bxd5 Rxd5 20. Nc3 Rd4 21. Re4 Nh6 22. Qe2 Kb8 23. Rxd4 cxd4 24. Nb5 Nf5 25. Rc1 Qd7 26. g4 d3 27. Qd2 Qxb5 28. gxf5 gxf5 29. Qc3 Rg8+ 0-1

[Event "BCF-chT3E 2224 (4NCL)"]
[Site "England"]
[Date "2024.05.04"]
[Round "9.64"]
[White "Lea, Daniel J"]
[Black "Norris, Zack"]
[Result "1-0"]
[WhiteElo "1983"]
[BlackElo "1827"]
[PlyCount "139"]
[EventDate "2023.11.11"]
[EventType "team-tourn"]
[EventRounds "11"]
[EventCountry "ENG"]
[SourceTitle "EXT 2025"]
[Source "ChessBase"]
[SourceDate "2024.10.14"]
[SourceVersion "1"]
[SourceVersionDate "2024.10.14"]
[SourceQuality "1"]
[WhiteTeam "Celtic Tigers II"]
[BlackTeam "Wotton Hall"]
[WhiteTeamCountry "ENG"]
[BlackTeamCountry "ENG"]

1. d4 d5 2. c4 e6 3. Nc3 Nf6 4. cxd5 exd5 5. Bg5 c6 6. Qc2 Nbd7 7. e3 h6 8. Bh4 Bd6 9. Bd3 0-0 10. Nf3 Re8 11. 0-0 Nb6 12. Rab1 Bg4 13. Nd2 a5 14. a3 Nbd7 15. Na4 Qc7 16. Bg3 Bxg3 17. hxg3 Reb8 18. Rfc1 b5 19. Nc5 a4 20. Nxd7 Bxd7 21. Nf3 Rb6 22. Ne5 Raa6 23. Qc5 Be8 24. Rc2 Ne4 25. Qxd5 cxd5 26. Rxc7 Nd6 27. Rc5 f6 28. Ng6 Ne4 29. Bxe4 dxe4 30. Ne7+ Kh7 31. Nd5 Rb8 32. Nc7 Rab6 33. Nxe8 Rxe8 34. b4 axb3 35. Rxb3 Reb8 36. g4 b4 37. Rxb4 Rxb4 38. axb4 Rxb4 39. Rc7 Rb2 40. Re7 Kg6 41. Rxe4 Rb1+ 42. Kh2 Rd1 43. Re7 Rd2 44. Kg3 Kh7 45. Rd7 Kg6 46. d5 Kh7 47. Kf3 Kg6 48. e4 Rd3+ 49. Ke2 Ra3 50. Rc7 Ra2+ 51. Ke3 Ra3+ 52. Kd2 Ra4 53. Kd3 Ra1 54. f3 Rd1+ 55. Ke3 Re1+ 56. Kd4 Re2 57. g3 Rd2+ 58. Ke3 Rd1 59. f4 Rg1 60. Kf2 Rd1 61. f5+ Kh7 62. Rc8 Rd2+ 63. Ke3 Rg2 64. Kd4 Rxg3 65. d6 Rg1 66. Kd5 Ra1 67. d7 Ra5+ 68. Kd6 Ra4 69. d8Q Rd4+ 70. Ke7 1-0

[Event "BCF-chT3N 1819 (4NCL)"]
[Site "England"]
[Date "2019.05.06"]
[Round "11.21"]
[White "Lea, Daniel J"]
[Black "Rutter, Nicholas J"]
[Result "1/2-1/2"]
[WhiteElo "2102"]
[BlackElo "2297"]
[PlyCount "72"]
[EventDate "2018.11.10"]
[EventType "team-swiss"]
[EventRounds "11"]
[EventCountry "ENG"]
[SourceTitle "EXT 2021"]
[Source "ChessBase"]
[SourceDate "2020.10.23"]
[SourceVersion "1"]
[SourceVersionDate "2020.10.23"]
[SourceQuality "1"]
[WhiteTeam "3CS Oldham II"]
[BlackTeam "Shropshire"]
[WhiteTeamCountry "ENG"]
[BlackTeamCountry "ENG"]

1. d4 d5 2. c4 c6 3. Nf3 Nf6 4. Nc3 e6 5. cxd5 exd5 6. Qc2 Be7 7. Bg5 h6 8. Bh4 0-0 9. e3 Re8 10. Bd3 b6 11. 0-0 Bb7 12. Rfd1 Nbd7 13. a3 Rc8 14. Qe2 Ne4 15. Bxe7 Qxe7 16. Ba6 Nxc3 17. bxc3 Bxa6 18. Qxa6 Nf6 19. a4 Ne4 20. Rdc1 c5 21. Qd3 Rc7 22. Nd2 Rec8 23. Nxe4 dxe4 24. Qd2 Qd7 25. h3 Rc6 26. Qd1 Kh7 27. Kh1 Qf5 28. Qd2 Rf6 29. Kg1 Rg6 30. Kh2 Rcc6 31. Rc2 Qg5 32. Rg1 Rcf6 33. g3 c4 34. Qe2 Qd5 35. Rb2 Rc6 36. Rb5 Qd6 1/2-1/2

[Event "Paracin Summer op-A 11th"]
[Site "Paracin"]
[Date "2018.07.09"]
[Round "4"]
[White "Lea, Daniel J"]
[Black "Stankovic, Milos M"]
[Result "0-1"]
[WhiteElo "1973"]
[BlackElo "2100"]
[PlyCount "70"]
[EventDate "2018.07.06"]
[EventType "swiss"]
[EventRounds "9"]
[EventCountry "SRB"]
[SourceTitle "CBM 185 Extra"]
[Source "ChessBase"]
[SourceDate "2018.07.29"]
[SourceVersion "1"]
[SourceVersionDate "2018.07.29"]
[SourceQuality "1"]

1. d4 Nf6 2. c4 g6 3. Nc3 d5 4. e3 Bg7 5. Qb3 dxc4 6. Bxc4 0-0 7. Nf3 c5 8. d5 Ne8 9. e4 Nd6 10. e5 Nxc4 11. Qxc4 Nd7 12. Bf4 a6 13. a4 b5 14. Qe2 b4 15. Ne4 a5 16. Qe3 Nb6 17. Rd1 Nxd5 18. Qxc5 Bb7 19. Qb5 Rb8 20. e6 Nxf4 21. exf7+ Kh8 22. Rxd8 Rfxd8 23. 0-0 Bxe4 24. Qxa5 Bxf3 25. gxf3 Bxb2 26. Qc7 Nd5 27. Qc4 Bf6 28. Rd1 Kg7 29. a5 e6 30. a6 Rbc8 31. Qb5 Rb8 32. Qc6 Rbc8 33. Qxe6 Nf4 34. f8Q+ Rxf8 35. Qe4 Rfd8 0-1

[Event "Paracin Summer op-A 11th"]
[Site "Paracin"]
[Date "2018.07.07"]
[Round "3"]
[White "Kolbert, Engelbert"]
[Black "Lea, Daniel J"]
[Result "1-0"]
[WhiteElo "2124"]
[BlackElo "1973"]
[PlyCount "101"]
[EventDate "2018.07.06"]
[EventType "swiss"]
[EventRounds "9"]
[EventCountry "SRB"]
[SourceTitle "EXT 2019"]
[Source "ChessBase"]
[SourceDate "2018.10.10"]
[SourceVersion "1"]
[SourceVersionDate "2018.10.10"]
[SourceQuality "1"]

1. e4 e6 2. d4 d5 3. Nc3 dxe4 4. Nxe4 Nd7 5. Nf3 Ngf6 6. Nxf6+ Nxf6 7. Bd3 c5 8. Be3 Qb6 9. 0-0 Bd7 10. Ne5 cxd4 11. Nc4 Qc5 12. b4 Qd5 13. Bf4 Bc6 14. f3 Bxb4 15. Rb1 Be7 16. Re1 0-0 17. Re5 Qd8 18. Qe1 Nd5 19. Bd2 Bf6 20. Rh5 g6 21. Ne5 Bg7 22. Rh3 Ne3 23. Bxe3 Bxe5 24. Bh6 Bg7 25. Bxg7 Kxg7 26. Qe5+ f6 27. Qf4 Qd7 28. Qh6+ Kg8 29. Rg3 Qg7 30. Qd2 e5 31. h4 Rad8 32. h5 g5 33. h6 Qe7 34. Bf5 Bd5 35. f4 exf4 36. Qxf4 Kh8 37. Qf2 Rfe8 38. a4 b6 39. Bd3 Qe5 40. Rf1 Rd6 41. Rg4 Bb7 42. Bf5 Re7 43. Rd1 d3 44. Bxd3 Ba6 45. Re4 Qxe4 46. Bxe4 Rxd1+ 47. Kh2 Rd6 48. Qg3 Rd8 49. Qf3 Rf8 50. Qa3 Ree8 51. Bc6 1-0

[Event "BCF-chT2a 1415 (4NCL)"]
[Site "England"]
[Date "2014.11.16"]
[Round "2.217"]
[White "Hewitt, William"]
[Black "Lea, Daniel J"]
[Result "1/2-1/2"]
[WhiteElo "2058"]
[BlackElo "1931"]
[PlyCount "45"]
[EventDate "2014.11.15"]
[EventType "team-tourn"]
[EventRounds "7"]
[EventCountry "ENG"]
[SourceTitle "CBM 163 Extra"]
[Source "ChessBase"]
[SourceDate "2014.12.23"]
[SourceVersion "1"]
[SourceVersionDate "2014.12.23"]
[SourceQuality "1"]
[WhiteTeam "Rhyfelwyr Essyllwg"]
[BlackTeam "3CS Oldham"]
[WhiteTeamCountry "ENG"]
[BlackTeamCountry "ENG"]

1. e4 e6 2. d4 d5 3. Nc3 Nf6 4. Bg5 Be7 5. e5 Nfd7 6. Bxe7 Qxe7 7. f4 a6 8. Nf3 c5 9. dxc5 Nxc5 10. Qd2 Nc6 11. 0-0-0 Bd7 12. Bd3 0-0-0 13. Rhe1 Nxd3+ 14. cxd3 Kb8 15. Kb1 Rc8 16. Rc1 Qb4 17. d4 Na5 18. Ne4 Qxd2 19. Nexd2 Bb5 20. b3 h6 21. Re3 Rc7 22. Rxc7 Kxc7 23. Kc2 1/2-1/2